| 000 | 01126nam a2200277 a 4500 | ||
|---|---|---|---|
| 001 | 000018594 | ||
| 005 | 20260420170825.0 | ||
| 008 | 100512s2004 dr ac r 000 0 spa d | ||
| 040 |
_aDO-SdBNP _bspa _cBNPHU |
||
| 082 |
_a340.115 _bH557t, 2004 |
||
| 100 | 1 |
_aHernández Ramos, Pedro Pablo _940199 |
|
| 245 | 1 | 0 |
_aTratado de sociología del derecho / _cPedro Pablo Hernández ; prólogo Francisco A. Hernández B. ; presentación Samuel Moquete de la Cruz. |
| 250 | _a2ª ed. corr. y ampl. | ||
| 260 |
_aSanto Domingo : _bCentenario, _c2004. |
||
| 300 |
_a526 p. : _bil., retrs. ; _c23 cm. |
||
| 500 | _aIncluye datos biográficos del autor en la solapa de la cubierta. | ||
| 504 | _aIncluye referencias bibliográficas y notas al pie de páginas. | ||
| 504 | _aBibliografía : p. 523-526. | ||
| 590 | _aInventariado, 2018/BT | ||
| 650 | 0 |
_aJurisprudencia sociológica _94071 |
|
| 650 | 0 |
_aSociología _91061 |
|
| 650 | 0 |
_aLegislación social _91149 |
|
| 700 | 1 | 2 |
_aMoquete de la Cruz, Samuel, _epresent. _940200 |
| 700 | 1 | 2 |
_aHernández B., Francisco a., _epról. _940201 |
| 910 | _aValidado. Control de la calidad. EMS | ||
| 999 |
_c18114 _d18114 |
||